|
|
|
|
| LEADER |
00000nab a2200000 a 4500 |
| 001 |
vtls000811358 |
| 003 |
SK-MaSNL |
| 005 |
20260304130153.0 |
| 008 |
250429c2002 xo 0 slo |
| 015 |
|
|
|a SNBRB2002/10-33659
|
| 035 |
|
|
|a CLN000163013
|
| 035 |
|
|
|a urn:nbn:sk:snk-ab6z6v
|
| 035 |
|
|
|a (uuid)2effd33a-f66a-495a-b718-8ab1e8302c8a
|
| 035 |
|
|
|a (urnnbn)urn:nbn:sk:snk:ar-a06c6k
|
| 035 |
|
|
|a (sysno)vtls000811358
|
| 040 |
|
|
|a SNKBUCL
|b slo
|c SNKBUCL
|e AACR2
|
| 041 |
0 |
|
|a eng
|
| 044 |
|
|
|a xo
|c SK
|
| 080 |
|
|
|a 616.5-006.4-089-085(497.2)
|2 1997
|
| 100 |
1 |
|
|a Trojanova, P.
|4 aut
|9 1440488
|
| 245 |
1 |
0 |
|a Nonmelanoma skin cancers and risk of subsequent malignancies: a cancer registry-based study in Bulgaria
|c P. Troyanova, S. Danon, T. Ivanova
|
| 300 |
|
|
|b Tab.
|
| 504 |
|
|
|a Res. angl.
|
| 504 |
|
|
|a Bibliogr. odkazy
|
| 650 |
0 |
7 |
|a nádory kože
|x klasifikácia
|x patofyziológia
|2 snkbucl
|9 1440489
|
| 650 |
0 |
7 |
|a nádory, klasifikácia podľa štádia
|x metódy
|x využitie
|2 snkbucl
|9 1440490
|
| 650 |
0 |
7 |
|a nádorové metastázy
|2 snkbucl
|9 123885
|
| 650 |
0 |
7 |
|a rozdelenie podľa pohlavia
|2 snkbucl
|9 1326664
|
| 650 |
0 |
7 |
|a registrácia
|x klasifikácia
|2 snkbucl
|9 1440491
|
| 651 |
|
7 |
|a Bulharsko
|2 snkbucl
|9 20172
|
| 655 |
|
7 |
|a články z novín a časopisov
|2 snkbucl
|9 267496
|
| 700 |
1 |
|
|a Danon, S.
|4 aut
|9 1440492
|
| 700 |
1 |
|
|a Ivanova, T.
|4 aut
|9 794540
|
| 773 |
0 |
|
|t Neoplasma
|g Roč. 49, č. 2 (2002), s. 81-85
|x 0028-2685
|
| 850 |
|
|
|a Slovenská národná knižnica
|
| 852 |
|
|
|a Slovenská národná knižnica
|
| 958 |
|
|
|a article27
|
| 958 |
|
|
|a NB
|
| 958 |
|
|
|a MI
|
| 958 |
|
|
|a BG
|
| 958 |
|
|
|a OND
|
| 958 |
|
|
|a EUIPO
|
| 992 |
|
|
|a RBX
|
| 999 |
|
|
|c 2895189
|d 2897119
|